00952nam a22002537a 450000500170000000800410001702000180005804000720007604100080014806000110015610000180016724501680018525000110035326000450036430000980040949000290050765000310053665000140056765000300058170000210061170000190063270000300065176500170068120240524113536.0130821s2010 sp ao gr spa  a9788478855179 aCo-BoUCMbspacDavid Moreno (modificó)dDavid Moreno (modificó)00aspa00aWE 2501 aBartl, Reiner10aOsteoporosis diagnóstico, prevención, tratamientocReiner Bartl y Bertha Frisch ; colaboración de Christoph Bartl ; traducción de Silvia Girimonti Azpiroz a2a ed. aMadrid (España)bLibros Princepsc2010 ax, 323 páginasbilustraciones (algunas en color), cuadros, fotografías (algunas en color) 0aBiblioteca aula médica04aEnfermedades de los huesos04aOrtopedia04aOsteoporosisvDiagnostico1 aBartl, Christoph1 aFrisch, Bertha1 aGirimonti Azpiroz, Silvia tOsteoporosis